000 00496cam5a220018100 4500
001 tmp15530458
003 UPRA
005 20190816092410.0
008 950906s1976 fr fre u
035 _a(Sirsi) r124359
035 _a(UPRA)tmp15530458
040 _cUPRA
100 1 _aCholodenko, Marc, 1950-
_dCholodenko, Marc, 1950-
_6A92461.1
245 1 0 _a2 odes.
260 _aParis :
_bHachette P.O.L.,
_c[1976]
949 _aPQ2663.H57
_wlcc
_i-178616
_mMAIN
_tBOOK
_lON-SHELF
004 124359
999 _c81995
_d81995